Martin Opitz und die große Wende?: 400 Jahre „Buch von der Deutschen Poeterey“ (1624-2024)

Saved in:
Bibliographic Details
Corporate Author: Tagung: Martin Opitz und die Große Wende? 400 Jahre Buch von der Deutschen Poeterey (1624-2024), Tübingen (Author)
Other Authors: Dröse, Astrid (Editor) , Robert, Jörg (Editor) , Wels, Volkhard (Editor)
Format: Conference Paper
Language:German
Published: Paderborn Brill | Fink [2026]
Leiden Boston, MA Singapore Paderborn Wien Brill-Gruppe [2026]
Series:Poesis Band 14
In: Poesis (Band 14)

Volumes / Articles: Show Volumes / Articles.
Subjects:
Online Access:Verlag, Inhaltsverzeichnis: https://d-nb.info/1364765624/04
Verlag, Inhaltstext: https://deposit.dnb.de/cgi-bin/dokserv?id=f92e243d4c574aa9823ca2303560cbbc
Get full text
Author Notes:Astrid Dröse, Jörg Robert, Volkhard Wels (Hg.)

MARC

LEADER 00000cam a2200000 c 4500
001 1925679519
003 DE-627
005 20260506164050.0
007 tu
008 250514s2026 gw ||||| 00| ||ger c
015 |a 25,N20  |2 dnb 
016 7 |a 1364765624  |2 DE-101 
020 |a 9783770569861  |q  : EUR 139.00 (DE), EUR 142.90 (AT)  |9 978-3-7705-6986-1 
024 3 |a 9783770569861 
035 |a (DE-627)1925679519 
035 |a (DE-599)DNB1364765624 
035 |a (OCoLC)1581527177 
035 |a (OCoLC)1519560851 
040 |a DE-627  |b ger  |c DE-627  |e rda 
041 |a ger 
044 |c XA-DE-NW 
072 7 |a DSBD  |2 bicssc 
072 7 |a LIT 011000  |2 bisacsh 
072 7 |a LIT 015000  |2 bisacsh 
072 7 |a LIT 019000  |2 bisacsh 
082 0 |a 800  |q SEPA  |2 23 
084 |a 53  |2 sdnb 
084 |a 51  |2 sdnb 
111 2 |a Tagung: Martin Opitz und die Große Wende? 400 Jahre Buch von der Deutschen Poeterey (1624-2024)  |d 2024  |c Tübingen  |j VerfasserIn  |0 (DE-588)1391369092  |0 (DE-627)1962998959  |4 aut 
245 1 0 |a Martin Opitz und die große Wende?  |b 400 Jahre „Buch von der Deutschen Poeterey“ (1624-2024)  |c Astrid Dröse, Jörg Robert, Volkhard Wels (Hg.) 
264 1 |a Paderborn  |b Brill | Fink  |c [2026] 
264 1 |a Leiden  |a Boston, MA  |a Singapore  |a Paderborn  |a Wien  |b Brill-Gruppe  |c [2026] 
264 4 |c © 2026 
300 |a VI, 305 Seiten  |b Illustrationen  |c 23.5 cm 
336 |a Text  |b txt  |2 rdacontent 
337 |a ohne Hilfsmittel zu benutzen  |b n  |2 rdamedia 
338 |a Band  |b nc  |2 rdacarrier 
490 1 |a Poesis  |v Band 14 
655 7 |a Konferenzschrift  |x Eberhard Karls Universität  |y 02.05.2024-04.05.2024  |z Tübingen  |0 (DE-588)1071861417  |0 (DE-627)826484824  |0 (DE-576)433375485  |2 gnd-content 
689 0 0 |d p  |0 (DE-588)118590111  |0 (DE-627)133407829  |0 (DE-576)162441983  |a Opitz, Martin  |d 1597-1639  |2 gnd 
689 0 |5 (DE-627) 
689 1 0 |d u  |0 (DE-588)4605507-1  |0 (DE-627)326269606  |0 (DE-576)214185516  |a Opitz, Martin  |d 1597-1639  |t Buch von der deutschen Poeterey  |2 gnd 
689 1 |5 (DE-627) 
700 1 |a Dröse, Astrid  |d 1983-  |e HerausgeberIn  |0 (DE-588)1166765032  |0 (DE-627)1030644063  |0 (DE-576)510878857  |4 edt 
700 1 |a Robert, Jörg  |d 1971-  |e HerausgeberIn  |0 (DE-588)126367175  |0 (DE-627)530073706  |0 (DE-576)186844166  |4 edt 
700 1 |a Wels, Volkhard  |d 1964-  |e HerausgeberIn  |0 (DE-588)1053161700  |0 (DE-627)789649012  |0 (DE-576)408917180  |4 edt 
776 1 |z 9783846769867 
776 0 8 |i Erscheint auch als  |n Online-Ausgabe  |z 9783846769867 
776 0 8 |i Erscheint auch als  |n Online-Ausgabe  |a Tagung: Martin Opitz und die Große Wende? 400 Jahre Buch von der Deutschen Poeterey (1624-2024) (2024 : Tübingen)  |t Martin Opitz und die große Wende?  |d Paderborn : Brill | Fink, 2026  |h 1 Online-Ressource (VI, 305 Seiten)  |w (DE-627)1963650689  |z 9783846769867 
830 0 |a Poesis  |v Band 14  |9 14  |w (DE-627)1793703019  |w (DE-600)3110901-9  |x 2747-3813  |7 am 
856 4 2 |u https://d-nb.info/1364765624/04  |m B:DE-101  |q application/pdf  |x Verlag  |3 Inhaltsverzeichnis  |7 1 
856 4 2 |u https://deposit.dnb.de/cgi-bin/dokserv?id=f92e243d4c574aa9823ca2303560cbbc  |m X:MVB  |q text/html  |x Verlag  |3 Inhaltstext  |7 1 
951 |a BO 
990 |a Opitz, Martin / Buch von der deutschen Poeterey 
990 |a Opitz, Martin 
992 |a 20260323 
999 |a KXP-PPN1925679519  |e 4940801535 
BIB |a Y 
SPR |a Y 
JSO |a {"recId":"1925679519","name":{"displayForm":["Astrid Dröse, Jörg Robert, Volkhard Wels (Hg.)"]},"type":{"bibl":"book"},"corporate":[{"display":"Tagung: Martin Opitz und die Große Wende? 400 Jahre Buch von der Deutschen Poeterey (1624-2024) (2024, Tübingen)","role":"aut"}],"title":[{"title":"Martin Opitz und die große Wende?","subtitle":"400 Jahre „Buch von der Deutschen Poeterey“ (1624-2024)","title_sort":"Martin Opitz und die große Wende?"}],"relMultPart":[{"origin":[{"dateIssuedDisp":"[2022]-","publisher":"Brill Fink","publisherPlace":"Paderborn"}],"part":{"number":["Band 14"],"number_sort":["14"]},"type":{"bibl":"serial"},"title":[{"title":"Poesis","subtitle":"Schriften zu Literatur und den Künsten der Frühmoderne","title_sort":"Poesis"}],"dispAlt":"Poesis","titleAlt":[{"title":"POIE"}],"physDesc":[{"extent":"Bände","noteFormat":"25 cm"}],"recId":"1793703019","disp":"Poesis","id":{"zdb":["3110901-9"],"issn":["2747-3813"],"eki":["1793703019"]},"pubHistory":["Band 1-"],"language":["ger"]}],"physDesc":[{"extent":"VI, 305 Seiten","noteFormat":"23.5 cm","noteIll":"Illustrationen"}],"person":[{"family":"Dröse","given":"Astrid","role":"edt","display":"Dröse, Astrid"},{"family":"Robert","given":"Jörg","role":"edt","display":"Robert, Jörg"},{"family":"Wels","display":"Wels, Volkhard","given":"Volkhard","role":"edt"}],"origin":[{"dateIssuedDisp":"[2026]","publisherPlace":"Paderborn ; Leiden ; Boston, MA ; Singapore ; Paderborn ; Wien","dateIssuedKey":"2026","publisher":"Brill | Fink ; Brill-Gruppe"}],"language":["ger"],"id":{"isbn":["9783770569861"],"eki":["1925679519"]}} 
SRT |a TAGUNGMARTMARTINOPIT2026